=LDR 00000nam 2200000 4500 =001 INLIS000000000048468 =005 20200305112219 =035 ##$$a 0010-111600000000047 =008 200305################g##########0#ind## =020 ##$$a 978-979-039-339-4 =082 ##$$a 297. 14 =090 ##$$a 297 $b Zak m =100 ##$$a Zakir Naik =245 1#$$a Miracles of Al Quran dan As Sunnah /$c Zakir Naik ; Alih bahasa, Dani Ristanti ; Editor, Firman Pramudya W. =260 ##$$a Solo :$b Aqwam,$c 2015 =300 ##$$a Viii, 224 hlm. : $b Ilus ; $c 15 x 23, 5 Cm =650 #4$$a Al Quran dan ilmu Pengetahuan =084 ##$$a 297. 14 ZAK m =250 ##$$a Cet. 2 =504 ##$$a Judul Asli : The al quran and modern sciences =990 ##$$a 0001/BPAP-NTB/2016 =990 ##$$a 0001/BPAP-NTB/2016 =990 ##$$a 0001/BPAP-NTB/2016 =990 ##$$a 0001/BPAP-NTB/2016 =990 ##$$a 0001/BPAP-NTB/2016 =990 ##$$a 21601427 =990 ##$$a 0001/BPAP-NTB/2016 =990 ##$$a 0001/BPAP-NTB/2016 =990 ##$$a 0001/BPAP-NTB/2016 =990 ##$$a 0001/BPAP-NTB/2016